Word Ladder: UAE's Capital Quiz Stats

Quiz Updated Mar 11, 2016

Challenge
Share
Tweet
Embed
Score 0/11 Timer 01:30
0 Plays Today
Clue 3-Letter Word % Correct
• Honey-producing insect •• BEE •
97.4%
Mediterranean or Caribbean, e. g.SEA
97.3%
Place to enjoy a hot tub and massageSPA
96.9%
To stitch togetherSEW
96.8%
Condensation found on grassDEW
95.4%
Wood-cutting toolSAW
95.3%
Kiki, Kool Moe, or Sandra, e. g.DEE
92.1%
• When following 'jack', a crow species •• DAW •
89.9%
• Aladdin's simian pal •• ABU •
77.9%
Kwik-E-Mart operator and Homer's friendAPU
77.1%
Popular social science citation formatAPA
75.4%

Today's Daily Dose

Word Ladder
'90s Movies

Quick Pick
'Fire' Movies

On This Day
June 19th II

You're not logged in!

Compare scores with friends on all Sporcle quizzes.
Join for Free
OR
Log In

You Might Also Like...

Show Comments

Extras

Top Quizzes Today


Score Distribution

Your Account Isn't Verified!

In order to create a playlist on Sporcle, you need to verify the email address you used during registration. Go to your Sporcle Settings to finish the process.

Report this User

Report this user for behavior that violates our Community Guidelines.

Details: